000 00219 a2200109 4500
020 _a9781416911845
041 _aspa
100 _aRicci, Christine
245 _aAventuras magicas de dora
942 _cBK
952 _71
999 _c20542
_d20542